000 01185nam0a2200289 4500
001 RU\NLR\BIBL_A\022441566
005 20250806203218.0
035 _a(NLR Aleph) 022441566
090 _a73884
_c73884
100 _a20250131d1941 e y0rusy50 ca
101 0 _akaz
_crus
102 _aKZ
105 _aa j 000yy
181 0 _ai
_baxxe
182 0 _an
200 1 _aАнорганикалық химиа
_eорта мектептіӊ 8-9 кластарына арналған оқу қурасы
_fВ. Н. Верховский, Герцен атындағы Пед. ин-тутыныӊ профессоры
203 _aТекст
_bвизуальный
_cнепосредственный
205 _a6 бас.
210 _aАлматы
_cҚазақбірікмембас
_d1941
215 _a232 c., [2] л.
_d23
300 _aТекст на латин. графике
541 1 _aНеорганическая химия
_zrus
700 1 _aВерховский
_bВ. Н.
_f1873-1947
_gВадим Никандрович
_3RU\NLR\AUTH\770278373
_4070
942 _cBOOK
945 _aРоссийская национальная библиотека
980 _aBV